Estatísticas para Cultura Geral

Clique aqui para jogar o quiz

Estatísticas Gerais

  • Esse quiz foi jogado 22 vezes
  • A pontuação média é 7 de 15

Estatísticas das Respostas

HintResposta% Correto
Como se chama o parte interior do ovo?Gema
95%
Em que país podemos encontrar a cidade de Cancun?México
90%
Em Portugal qual é o nome masculino mais popular?João
86%
Qual é a maior cidade da Europa?Moscovo
71%
Quanto é 43*12?516
57%
Qual é a região mais a Sul de Portugal?Algarve
52%
De que país o Joelho (salgado) é um prato típico?Brasil
52%
De que árvore vem as tâmaras?Tamareira
52%
Portugal produz 50% do total mundial de que produto utilizado pela indústria vitivinícola?Cortiça
38%
Que ator tem como apelido Connery?Sean
24%
Que nome damos ao doce feito a partir da cana-de-açúcar?Rapadura
19%
De que país o Catato é um prato típico?Angola
14%
O Kimaje é um pão típico de que país?Arábia Saudita
10%
Tipo de baleia que é branca e vive no Ártico?Beluga
10%
Que universidade americana fica localizada em Evanston?Northwestern
0%

Distribuição das Pontuações

Percentil de Números Respondidos

Porcentagem de Pessoas com Cada Pontuação

Sua Pontuação Histórica

Você não jogou esse quiz